| 000 | 01908nam a2200493 i 4500 | ||
|---|---|---|---|
| 001 | 30154 | ||
| 003 | KOSZ 005 | ||
| 005 | 20240405063049.0 | ||
| 008 | 200618s1993 pl a g f 100 0 pol | ||
| 015 | _aPB 1995/1350 | ||
| 020 | _a8386123028 | ||
| 040 |
_aWA N _cWA N _dKOSZ 005/RW |
||
| 045 | _bd1939 | ||
| 046 | _k1993 | ||
| 080 | _a94(438).082.1 | ||
| 080 | _a355/359(438) | ||
| 080 | _a355.48(438) | ||
| 111 | 2 |
_aSeminarium Historyków Polskich Działań Obronnych 1939 r. _n(6 ; _d1989 ; _cKoszalin) |
|
| 245 | 0 | 0 |
_aBitwy września 1939 r. : _bmateriały z VI Seminarium Historyków Polskich Działań Obronnych 1939 r., Koszalin, 10-11 listopada 1989 r. _nCz. 1, _pW obronie Kresów Wschodnich / _credakcja naukowa Bogusław Polak ; Wyższa Szkoła Inżynierska w Koszalinie. |
| 260 |
_aKoszalin : _bWydawnictwo Uczelniane Wyższej Szkoły Inżynierskiej, _c1993. |
||
| 300 |
_a185 stron, [11] stron tablic : _bmapy, ilustracje ; _c24 cm. |
||
| 336 |
_aTekst _btxt _2rdacontent |
||
| 337 |
_aBez urządzenia pośredniczącego _bn _2rdamedia |
||
| 338 |
_aWolumin _bnc _2rdacarrie |
||
| 380 | _aKsiążki. | ||
| 380 | _aPublikacje naukowe | ||
| 388 | _a1901-2000 | ||
| 388 | _a1989-2000 | ||
| 648 | 7 | _a1901-2000 | |
| 648 | 7 | _a1939-1945 | |
| 650 | 7 | _aII wojna światowa (1939-1945) | |
| 650 | 7 | _aKampania wrześniowa (1939) | |
| 650 | 7 | _aWojsko | |
| 650 | 7 | _aOficerowie | |
| 651 | 7 | _aPolska | |
| 651 | 7 | _aZSRR | |
| 655 | 7 | _aMateriały konferencyjne | |
| 658 | _aHistoria | ||
| 658 | _aBezpieczeństwo i wojskowość | ||
| 700 | 1 |
_aPolak, Bogusław _d(1945- ) _eRedakcja |
|
| 710 | 2 |
_aWydawnictwo Uczelniane (Wyższa Szkoła Inżynierska ; Koszalin) _4pbl |
|
| 856 |
_uhttp://koha.tu.koszalin.pl/cgi-bin/koha/opac-detail.pl?biblionumber=30154 _yKatalog online BPK |
||
| 942 |
_2UKD _cKS |
||
| 999 |
_c30154 _d30154 |
||